<?xml version="1.0" encoding="UTF-8"?>
<record
    xmlns:xsi="http://www.w3.org/2001/XMLSchema-instance"
    xsi:schemaLocation="http://www.loc.gov/MARC21/slim http://www.loc.gov/standards/marcxml/schema/MARC21slim.xsd"
    xmlns="http://www.loc.gov/MARC21/slim">

  <leader>03952nam a2200469 a 4500</leader>
  <controlfield tag="003">CHAP</controlfield>
  <controlfield tag="005">20250203121124.0</controlfield>
  <controlfield tag="007">cr ||||||a|c|a</controlfield>
  <controlfield tag="008">110214s2011    mx      r     00010 spa d</controlfield>
  <datafield tag="035" ind1=" " ind2=" ">
    <subfield code="a">112167</subfield>
  </datafield>
  <datafield tag="040" ind1=" " ind2=" ">
    <subfield code="c">CHAP</subfield>
  </datafield>
  <datafield tag="090" ind1=" " ind2=" ">
    <subfield code="a">Tesis</subfield>
  </datafield>
  <datafield tag="100" ind1="1" ind2=" ">
    <subfield code="a">Hern&#xE1;ndez V&#xE1;zquez, Juan Domingo.</subfield>
    <subfield code="9">54748</subfield>
  </datafield>
  <datafield tag="245" ind1="1" ind2="0">
    <subfield code="a">Evaluaci&#xF3;n de Jatropa curcas en sistemas agroforestales para la producci&#xF3;n de biocombustibles en el Norte de Veracruz</subfield>
    <subfield code="c">/por Juan Domingo Hern&#xE1;ndez V&#xE1;zquez; director de tesis Laksmi Reddiar Krishnamurthy.</subfield>
  </datafield>
  <datafield tag="264" ind1=" " ind2="1">
    <subfield code="a">Chapingo, M&#xE9;x. :</subfield>
    <subfield code="b">El autor,</subfield>
    <subfield code="c">2011.</subfield>
  </datafield>
  <datafield tag="300" ind1=" " ind2=" ">
    <subfield code="a">1 recurso en l&#xED;nea (102 p&#xE1;ginas) :</subfield>
    <subfield code="b">tablas, figuras.</subfield>
  </datafield>
  <datafield tag="336" ind1=" " ind2=" ">
    <subfield code="2">rdacontent</subfield>
    <subfield code="a">texto</subfield>
    <subfield code="b">txt</subfield>
  </datafield>
  <datafield tag="337" ind1=" " ind2=" ">
    <subfield code="2">rdamedia</subfield>
    <subfield code="a">computadora</subfield>
    <subfield code="b">c</subfield>
  </datafield>
  <datafield tag="338" ind1=" " ind2=" ">
    <subfield code="2">rdacarrier</subfield>
    <subfield code="a">recursos en l&#xED;nea</subfield>
    <subfield code="b">cr</subfield>
  </datafield>
  <datafield tag="502" ind1=" " ind2=" ">
    <subfield code="b">IRNR</subfield>
    <subfield code="c">Suelos</subfield>
    <subfield code="d">2011.</subfield>
    <subfield code="g">LIC</subfield>
  </datafield>
  <datafield tag="520" ind1=" " ind2=" ">
    <subfield code="a">La presente investigaci&#xF3;n se realiz&#xF3; con el objetivo de dise&#xF1;ar tecnolog&#xED;as experimentales en base a Jatropha curcas para la producci&#xF3;n sustentable de insumos para biodiesel, dicho estudio se llev&#xF3; durante 2010 en el municipio de Tempoal de S&#xE1;nchez, Veracruz, M&#xE9;xico, y consisti&#xF3; en el establecimiento de experimentos en sistemas agroforestales, un agrosilv&#xED;cola en la que se estableci&#xF3;
Jatropha curcas en asociaci&#xF3;n con calabaza variedad criollo, otro silvopastotil, se estableci&#xF3; en asociaci&#xF3;n con pastos de los g&#xE9;neros Bachiaria y Cynodon. Despu&#xE9;s del establecimiento de las parcelas se eligi&#xF3; el dise&#xF1;o experimental el cual se opt&#xF3; por un dise&#xF1;o en bloques al azar. Se aplic&#xF3; 4 tratamientos: fertilizaci&#xF3;n qu&#xED;mica, fertilizaci&#xF3;n org&#xE1;nica, fertilizaci&#xF3;n qu&#xED;mica m&#xE1;s fertilizaci&#xF3;n org&#xE1;nica y sin fertilizaci&#xF3;n. As&#xED; mismo se midieron variables de crecimiento de planta que pudieran indicar el efecto de los tratamientos y determinar el sistema m&#xE1;s eficiente. Estas variables fueron: altura de planta, di&#xE1;metro, n&#xFA;mero de brotes, contenido de clorofila, rendimiento del cultivo de cobertera y rendimiento de Jatropha curcas. El an&#xE1;lisis de datos con software SAS, indica que el tratamiento que produjo un efecto en la variable altura en el sistema silvopastoril es el que corresponde a la aplicaci&#xF3;n de fertilizaci&#xF3;n org&#xE1;nica, sin embargo, estos efectos no son estad&#xED;sticamente significativos. Respecto la variable contenido de clorofila el tratamiento que produjo efectos en los dos sistemas agroforestales es el que corresponde a la aplicaci&#xF3;n de fertilizante qu&#xED;mico y fertilizante org&#xE1;nico juntos. Los tratamientos aplicados produjeron efectos estad&#xED;sticamente no significativa sobre todas las variables medidas porque Jatropha curcas es un cultivo perenne, su ciclo de vida es muy largo, as&#xED; que los procesos fisiol&#xF3;gicos y la asimilaci&#xF3;n de nutrientes es lenta. Sin embargo, con los resultados obtenidos se concluye que ambos sistemas agroforestales se recomiendan en la regi&#xF3;n de estudio y la adopci&#xF3;n de uno de ellos depender&#xE1; de la actividad econ&#xF3;mica en la que se dedique el productor
</subfield>
  </datafield>
  <datafield tag="590" ind1=" " ind2=" ">
    <subfield code="a">ALEPH</subfield>
    <subfield code="b">10</subfield>
    <subfield code="c">20130110</subfield>
  </datafield>
  <datafield tag="590" ind1=" " ind2=" ">
    <subfield code="a">BATCH-UPD</subfield>
    <subfield code="b">10</subfield>
    <subfield code="c">20130110</subfield>
  </datafield>
  <datafield tag="590" ind1=" " ind2=" ">
    <subfield code="a">BATCH-UPD</subfield>
    <subfield code="b">10</subfield>
    <subfield code="c">20130410</subfield>
  </datafield>
  <datafield tag="590" ind1=" " ind2=" ">
    <subfield code="a">BATCH-UPD</subfield>
    <subfield code="b">10</subfield>
    <subfield code="c">20130913</subfield>
  </datafield>
  <datafield tag="590" ind1=" " ind2=" ">
    <subfield code="a">BATCH-UPD</subfield>
    <subfield code="b">10</subfield>
    <subfield code="c">20140324</subfield>
  </datafield>
  <datafield tag="590" ind1=" " ind2=" ">
    <subfield code="a">BATCH-UPD</subfield>
    <subfield code="b">10</subfield>
    <subfield code="c">20141002</subfield>
  </datafield>
  <datafield tag="590" ind1=" " ind2=" ">
    <subfield code="a">CONVERSION</subfield>
    <subfield code="b">10</subfield>
    <subfield code="c">20130109</subfield>
  </datafield>
  <datafield tag="650" ind1="1" ind2="4">
    <subfield code="a">Aceites vegetales como combustible.</subfield>
    <subfield code="9">464</subfield>
  </datafield>
  <datafield tag="650" ind1="1" ind2="4">
    <subfield code="a">Agroforester&#xED;a</subfield>
    <subfield code="z">Veracruz.</subfield>
    <subfield code="9">2181</subfield>
  </datafield>
  <datafield tag="650" ind1="1" ind2="4">
    <subfield code="a">Jatropha curcas.</subfield>
    <subfield code="9">61233</subfield>
  </datafield>
  <datafield tag="650" ind1="1" ind2="4">
    <subfield code="a">Plantas</subfield>
    <subfield code="x">Fertilizaci&#xF3;n.</subfield>
    <subfield code="9">88838</subfield>
  </datafield>
  <datafield tag="650" ind1="1" ind2="4">
    <subfield code="a">Sistemas agrosilvopasc&#xED;colas.</subfield>
    <subfield code="9">106737</subfield>
  </datafield>
  <datafield tag="700" ind1="1" ind2=" ">
    <subfield code="a">Krishnamurthy, Laksmi Reddiar</subfield>
    <subfield code="e">Director de tesis.</subfield>
    <subfield code="9">63939</subfield>
  </datafield>
  <datafield tag="856" ind1=" " ind2=" ">
    <subfield code="u">http://10.13.5.2/tesis/112167.pdf</subfield>
    <subfield code="z">DESCARGAR PDF</subfield>
  </datafield>
  <datafield tag="901" ind1=" " ind2=" ">
    <subfield code="a">BK</subfield>
  </datafield>
  <datafield tag="942" ind1=" " ind2=" ">
    <subfield code="c">TD</subfield>
    <subfield code="2">Clasificacion Universidad Aut&#xF3;noma Chapingo</subfield>
  </datafield>
  <datafield tag="949" ind1=" " ind2=" ">
    <subfield code="a">Tesis</subfield>
    <subfield code="b">BC</subfield>
    <subfield code="c">TES</subfield>
    <subfield code="d">33724002231033</subfield>
    <subfield code="e">TS1</subfield>
    <subfield code="g">Donaci&#xD8;n</subfield>
    <subfield code="h">51962</subfield>
    <subfield code="i">112167</subfield>
    <subfield code="s">t</subfield>
  </datafield>
  <datafield tag="949" ind1=" " ind2=" ">
    <subfield code="a">Tesis</subfield>
    <subfield code="b">BC</subfield>
    <subfield code="c">TES</subfield>
    <subfield code="d">33724002231074</subfield>
    <subfield code="e">TS2</subfield>
    <subfield code="f">c.2</subfield>
    <subfield code="g">Donaci&#xD8;n</subfield>
    <subfield code="h">51963</subfield>
    <subfield code="i">112167</subfield>
    <subfield code="s">t</subfield>
  </datafield>
  <datafield tag="999" ind1=" " ind2=" ">
    <subfield code="c">100507</subfield>
    <subfield code="d">100507</subfield>
  </datafield>
  <datafield tag="952" ind1=" " ind2=" ">
    <subfield code="0">0</subfield>
    <subfield code="1">0</subfield>
    <subfield code="2">local</subfield>
    <subfield code="4">0</subfield>
    <subfield code="5">1</subfield>
    <subfield code="7">0</subfield>
    <subfield code="8">TesDigL</subfield>
    <subfield code="a">BD</subfield>
    <subfield code="b">BD</subfield>
    <subfield code="c">E_L</subfield>
    <subfield code="d">2019-12-31</subfield>
    <subfield code="l">0</subfield>
    <subfield code="o">Tesis digital</subfield>
    <subfield code="r">2019-12-31 00:00:00</subfield>
    <subfield code="w">2019-12-31</subfield>
    <subfield code="y">TD</subfield>
  </datafield>
</record>
